Movie Taglines Quiz Stats

 Plays Quiz Updated Mar 8, 2017

Support Sporcle.
Go Orange.
Score 0/20 Timer 05:00
1 Play Today
Tagline Movie Title % Correct
Houston, we have a problem.Apollo 13
82.3%
Just when you thought it was safe to go back in the water.Jaws 2
77.5%
Why So Serious?The Dark Knight
77.1%
Don't get him wet, keep him out of bright light, never feed him after midnight.Gremlins
63.7%
In space, no one can hear you scream.Alien
63.7%
Work Sucks.Office Space
58.8%
5 criminals. One line-up. No coincidence.The Usual Suspects
54.6%
Protecting the Earth from the scum of the universe!Men In Black
52.7%
An Adventure 65 Million Years In The Making.Jurassic Park
52.1%
Mischief. Mayhem. Soap.Fight Club
48.8%
Tagline Movie Title % Correct
They're here...Poltergeist
45%
You'll Believe A Man Can Fly!Superman: The Movie
41.1%
You'll laugh. You'll cry. You'll hurl.Wayne's World
22%
One Man's Struggle To Take It Easy.Ferris Bueller's Day Off
21.3%
A Lot Can Happen In The Middle Of Nowhere.Fargo
18.2%
A tale of murder, lust, greed, revenge, and seafood.A Fish Called Wanda
13.6%
Escape or Die Frying.Chicken Run
13%
Fast cars, fast girls, fast carrots. Fast carrots?Fast Times at Ridgemont High
12.8%
A man went looking for America and couldn't find it anywhere!Easy Rider
11.6%
Be afraid. Be very afraid.The Fly
9.1%

From the Vault

US States with Gray Wolves

by SwedishViking

They may look like your dog, but they're nowhere near as cuddly.
Remove Ads.
Support Sporcle.
Get the best of Sporcle when you Go Orange. This ad-free experience offers more features, more stats, and more fun while also helping to support Sporcle. Thank you for becoming a member.

Show Comments

Extras

Top Quizzes Today


Score Distribution

Your Account Isn't Verified!

In order to create a playlist on Sporcle, you need to verify the email address you used during registration. Go to your Sporcle Settings to finish the process.

Report this User

Report this user for behavior that violates our Community Guidelines.

Details: